00832nam a2200193 a 450000100100000000500170001000800410002704000250006808200150009310000400010824501650014826000590031330000280037250400320040058600410043270000350047395201130050899900170062100003490820200930073959.0111021s1988 cu a 000 0 spa d aDO-SdBNPbspacBNPHU axxxxbxxxx1 aCasanova Oliva, Ana Victoria96047610aProblemática organológica Cubana :bcrítica a la sistemática de los instrumentos musicales /cAna victoria Casanova Oliva ; edición Reinaldo Castillo. aLa Habana, :bEdiciones Casa de las Américas,c1988. a207 p. :bil. ;c23 cm. aBibliografía : p. 205-207 aMusicología Casa de las Américas1 aCastillo, Reinaldo,eed.93176 001050718MOaGRbGRcHDd2011-10-21iLF1l0oxxxx xxxxp34908-10r2020-06-25w2020-06-25y1ZNo se presta c34399d34399